University Home | Library Home | Institutional Repository

The new rice in Aisa: conclusions from four country studies. (Record no. 28049)

MARC details
000 -LEADER
fixed length control field 00963cam1a220018100 4500
001 - CONTROL NUMBER
control field zam00009459
008 - FIXED-LENGTH DATA ELEMENTS--GENERAL INFORMATION
fixed length control field 970717n xx eng u
035 ## - SYSTEM CONTROL NUMBER
System control number (Sirsi) r139459
040 ## - CATALOGING SOURCE
Modifying agency UPRA
100 ## - MAIN ENTRY--PERSONAL NAME
Personal name Plmer, Ingrid.
Linkage A104848.1
245 14 - TITLE STATEMENT
Title The new rice in Aisa: conclusions from four country studies.
260 ## - PUBLICATION, DISTRIBUTION, ETC.
Place of publication, distribution, etc. Geneva :
Name of publisher, distributor, etc. UNRISD,
Date of publication, distribution, etc. 1976.
520 ## - SUMMARY, ETC.
Summary, etc. Examines Indonesia, the Philippines, Malaysia and Thailand in relationto rice production and specifically deals with management of prices and marketing, adoption patterns, issues of farm size and agrarian reform and questions of employment and family income.
650 #4 - SUBJECT ADDED ENTRY--TOPICAL TERM
Topical term or geographic name entry element Rice.
Linkage S11927.1
650 #4 - SUBJECT ADDED ENTRY--TOPICAL TERM
Topical term or geographic name entry element Food production -- Philippines -- Malaysia -- Thailand.
General subdivision Food production -- Philippines -- Malaysia -- Thailand.
-- Food production -- Philippines -- Malaysia -- Thailand.
-- Food production -- Philippines -- Malaysia -- Thailand.
Linkage S75785.1
949 10 - LOCAL PROCESSING INFORMATION (OCLC)
m INESOR
t BOOK
l ON-SHELF

No items available.

© 2026 - The University of Zambia Library - Koha v25.11